Loka sanskriti (Record no. 6755)

MARC details
000 -LEADER
fixed length control field 00504cam a2200217ua 4500
001 - CONTROL NUMBER
control field 7638
005 - DATE AND TIME OF LATEST TRANSACTION
control field 20260515114235.0
008 - FIXED-LENGTH DATA ELEMENTS--GENERAL INFORMATION
fixed length control field 141218n ii |||gr||||Z||||||asm
020 ## - INTERNATIONAL STANDARD BOOK NUMBER
International Standard Book Number 9789324400680
040 ## - CATALOGING SOURCE
Transcribing agency MAIN
041 ## - LANGUAGE CODE
Language code of text/sound track or separate title asm
082 ## - DEWEY DECIMAL CLASSIFICATION NUMBER
Classification number 398
100 ## - MAIN ENTRY--PERSONAL NAME
Personal name Sarma. N. Ch.,
Relator term Author.
245 ## - TITLE STATEMENT
Title Loka sanskriti
Statement of responsibility, etc. By Nabin Chandra Sarma
250 ## - EDITION STATEMENT
Edition statement 2nd rev.
260 ## - PUBLICATION, DISTRIBUTION, ETC.
Place of publication, distribution, etc. Guwahati:
Name of publisher, distributor, etc. Chandra,
Date of publication, distribution, etc. 2013.
300 ## - PHYSICAL DESCRIPTION
Extent 406p.
653 ## - INDEX TERM--UNCONTROLLED
Uncontrolled term Folklore
653 ## - INDEX TERM--UNCONTROLLED
Uncontrolled term Folklife of assam
942 ## - ADDED ENTRY ELEMENTS (KOHA)
Koha item type Books
Holdings
Withdrawn status Lost status Damaged status Not for loan Home library Current library Shelving location Date acquired Total checkouts Full call number Barcode Date last seen Date last checked out Copy number Price effective from Koha item type
        Naharkatiya College Library Naharkatiya College Library General stacks 09/19/2020 9 398 | SAR 22615 09/18/2025 09/15/2025 2 09/19/2020 Books
        Naharkatiya College Library Naharkatiya College Library General stacks 09/19/2020   398 | SAR 22616 09/19/2020   1 09/19/2020 Books